00378nam a22001217a 4500003000400000005001700004008004100021050002400062082002300086245006900109260004600178300003200224OSt20140311134813.0130608t xxu||||| |||| 00| 0 eng d aML 102 b.B624 1995 aM 780.2 bB55 1995 aMusic reference library volume 3 :bcountry and western music /  aCalifornia : bSanta Monica Press, c1995 a128 p. : bill. ; c17 cm.